| 000 | 00576nam a22001937a 4500 | ||
|---|---|---|---|
| 005 | 20220412112550.0 | ||
| 008 | 220412b ||||| |||| 00| 0 eng d | ||
| 040 | _cAL | ||
| 041 | _aEnglish | ||
| 082 |
_223 _a305.550973 _bMILW |
||
| 100 |
_aC Wright Mills _929524 |
||
| 245 | _aWhite Collar: The American Middle Classes | ||
| 260 |
_aNew York _bOxford Universiry Press _c1956 |
||
| 300 |
_axx,380 p. _bPB _c20x13.5 cm. |
||
| 650 |
_a Middle Class Political Activity _929525 |
||
| 650 |
_a Social Movements _929526 |
||
| 700 |
_aMILLS (Wright C) _929527 |
||
| 942 |
_2ddc _cGF |
||
| 999 |
_c222390 _d222390 |
||